| 000 -LEADER |
| fixed length control field |
00712cam a2200241 a 4500 |
| 001 - CONTROL NUMBER |
| control field |
12224754 |
| 005 - DATE AND TIME OF LATEST TRANSACTION |
| control field |
20180123083144.0 |
| 008 - FIXED-LENGTH DATA ELEMENTS--GENERAL INFORMATION |
| fixed length control field |
001107s2001 ilua b 001 0 eng |
| 010 ## - LIBRARY OF CONGRESS CONTROL NUMBER |
| LC control number |
00134167 |
| 020 ## - INTERNATIONAL STANDARD BOOK NUMBER |
| International Standard Book Number |
0875814360 |
| 040 ## - CATALOGING SOURCE |
| Original cataloging agency |
DLC |
| Transcribing agency |
DLC |
| Modifying agency |
DLC |
| 041 ## - LANGUAGE CODE |
| Language code of text/sound track or separate title |
eng |
| 080 ## - UNIVERSAL DECIMAL CLASSIFICATION NUMBER |
| Universal Decimal Classification number |
307.14 JAC |
| 082 00 - DEWEY DECIMAL CLASSIFICATION NUMBER |
| Classification number |
307.14 JAC |
| Edition number |
21 |
| 100 ## - Rafti |
| Rafti |
49 |
| 101 ## - Shkurtesa |
| Shkurtesa |
SOC |
| 245 00 - TITLE STATEMENT |
| Title |
Strategies of community intervention. |
| 246 30 - VARYING FORM OF TITLE |
| Title proper/short title |
Community intervention |
| 504 ## - BIBLIOGRAPHY, ETC. NOTE |
| Bibliography, etc |
Includes bibliographical references and indexes. |
| 906 ## - LOCAL DATA ELEMENT F, LDF (RLIN) |
| a |
7 |
| b |
cbc |
| c |
origcop |
| d |
2 |
| e |
ncip |
| f |
20 |
| g |
y-gencatlg |
| 942 ## - ADDED ENTRY ELEMENTS (KOHA) |
| Source of classification or shelving scheme |
|
| Item type |
Books |